书目信息 |
| 题名: |
平流层与对流层相互作用引论
|
|
| 作者: | 莫罕那库马尔 著 ;郭栋 译 | |
| 分册: | ||
| 出版信息: | 北京 电子工业出版社 2019 |
|
| 页数: | XVIII, 314页 | |
| 开本: | 26cm | |
| 丛书名: | 大气科学经典译丛 | |
| 单 册: | ||
| 中图分类: | P421.3 | |
| 科图分类: | ||
| 主题词: | 平流层--ping liu ceng--相互作用(物理)--对流层--研究 | |
| 电子资源: | ||
| ISBN: | 978-7-121-30265-7 | |
| 000 | 01881nam 2200337 450 | |
| 001 | 012001005368 | |
| 005 | 20141212170350.0 | |
| 010 | @a978-7-121-30265-7@dCNY89.00 | |
| 099 | @aCAL 012019109016 | |
| 100 | @a20190725d2019 em y0chiy50 ea | |
| 101 | 1 | @achi@ceng |
| 102 | @aCN@b110000 | |
| 105 | @aak a 000yy | |
| 106 | @ar | |
| 200 | 1 | @a平流层与对流层相互作用引论@Aping liu ceng yu dui liu ceng xiang hu zuo yong yin lun@d= Stratosphere troposphere interactions: an introduction@f(印) K. Mohanakumar著@g郭栋译@zeng |
| 210 | @a北京@c电子工业出版社@d2019 | |
| 215 | @aXVIII, 314页@c图@d26cm | |
| 225 | 2 | @a大气科学经典译丛@Ada qi ke xue jing dian yi cong |
| 306 | @a本书简体中文专有翻译出版权由Springer Science+Business Media授予电子工业出版社 | |
| 314 | @a责任者Mohanakumar汉译姓: 莫罕那库马尔取自在版编目 | |
| 314 | @aK. Mohanakumar, 就职于科钦科技大学大气科学系, 曾在德国自由大学访问, 是印度地球物理学会会士, 印度气象学会的终身会员, 发表了文章近百篇。郭栋, 博士隶属于南京信息工程大学的大气科学学院、气象灾害教育部重点实验室、气候与环境变化国际合作联合实验室和气象灾害预报预警与评估协同创新中心。 | |
| 320 | @a有书目 | |
| 330 | @a低层大气的温室气体、二氧化碳、水汽、臭氧是怎样进入高层大气的 高层大气又对低层大气起什么样的反馈, 二者如何相互作用、相互影响 本书系统描述了大气平流层和对流层的物理、辐射、动力学及化学过程, 关注臭氧层、全球变暖对大气层的影响, 可应用于大气科学的各个分支, 如气候变化、极端灾害性天气气候事件、天气预报系统等, 描述深入浅出、逻辑清晰易懂。 | |
| 410 | 0 | @12001 @a大气科学经典译丛 |
| 500 | 10 | @aStratosphere troposphere interactions : an introduction@mChinese |
| 606 | 0 | @a平流层@Aping liu ceng@x相互作用(物理)@x对流层@x研究 |
| 690 | @aP421.3@v5 | |
| 701 | 1 | @a莫罕那库马尔@Amo han na ku ma er@g(Mohanakumar, K.)@4著 |
| 702 | 0 | @a郭栋@Aguo dong@4译 |
| 801 | 0 | @aCN@b江苏凤凰@c20191020 |
| 905 | @b1208027-9@dP421.3@e165@f3 | |
| 平流层与对流层相互作用引论= Stratosphere troposphere interactions: an introduction/(印) K. Mohanakumar著/郭栋译.-北京:电子工业出版社,2019 |
| XVIII, 314页:图;26cm.-(大气科学经典译丛) |
| ISBN 978-7-121-30265-7:CNY89.00 |
| 低层大气的温室气体、二氧化碳、水汽、臭氧是怎样进入高层大气的 高层大气又对低层大气起什么样的反馈, 二者如何相互作用、相互影响 本书系统描述了大气平流层和对流层的物理、辐射、动力学及化学过程, 关注臭氧层、全球变暖对大气层的影响, 可应用于大气科学的各个分支, 如气候变化、极端灾害性天气气候事件、天气预报系统等, 描述深入浅出、逻辑清晰易懂。 |
| ● |
| 相关链接 |
|
|
|
|
正题名:平流层与对流层相互作用引论
索取号:P421.3/165
 
预约/预借
| 序号 | 登录号 | 条形码 | 馆藏地/架位号 | 状态 | 备注 |
| 1 | 1208027 | 212080273 | 第二样本阅览室/ [索取号:P421.3/165] | 在馆 | |
| 2 | 1208028 | 212080282 | 第三借阅区/ [索取号:P421.3/165] | 在馆 | |
| 3 | 1208029 | 212080291 | 第三借阅区/ [索取号:P421.3/165] | 在馆 |